000 00296nam a22001337a 4500
082 _a894.812.1
_bSAN/A
100 _aSANKARANARAYANAN P.I
245 _aAKSHARAPATTUKAL
260 _aKOCHI
_bNAVAMANA BALAVIKASA KENDRAM
_c2000
300 _a16
520 _aPOETRY
650 _aPOETRY
942 _cBK
999 _c4234
_d4234